000 00712nam a22002057a 4500
008 131008b xxu||||| |||| 00| 0 eng d
020 _a3852061334
041 0 _aeng
080 _a007:061.3
245 0 _aCybernetics and systems : Proceedings of the Thirteenth European Meeting on Cybernetics and Systems Research /
_c edited by Robert Trappl
260 _aVienna :
_bAustrian Society for Cybernetic Studies ;
_c1996
300 _a1243 f. :
_bme il. ;
_c29 cm.
490 _aCybernetics and systems '96
_vVolume II
505 _a[Libri përmban referencat pas secilit artikull]
505 _aIndex : 1235-1243
650 0 _aKibernetika
650 0 _aSeminare
700 _a Trappl, Robert
942 _2udc
_cBK
999 _c54
_d54